Las familias en Chile : una perspectiva económica de género /

En este artículo se quieren destacar aspectos de la realidad de "la familia", que comúnmente quedan invisibles ante la fuerza que se da culturalmente a las funciones de amor, de protección de afecto. La familia cumple además funciones económicas, indispensables para la reproducción en la sociedad. L...

Full description

Bibliographic Details
Main Author: Bravo, Rosa
Other Authors: Todaro, Rosalba 1941
Format: Analitica de revista
Language:Spanish
Published: Santiago, Chile SUR 1995
Subjects:

MARC

LEADER 00000cab a2200000 a 4500
001 037823
003 UAHC_CL
005 20171205112943.0
008 140120s1995 cl 000 spa
952 |0 0  |1 0  |4 0  |6 PROPOSICIONES_26_95_000000000000000  |7 0  |8 COMP  |9 71839  |a BC  |b BC  |c COMP  |d 2017-08-03  |l 0  |o PROPOSICIONES-26/95  |r 2017-08-03 00:00:00  |t 1  |w 2017-08-03  |y REVA 
999 |c 37823  |d 37823 
040 |a UAHC_CL  |c UAHC_CL  |d UAHC_CL 
100 1 |a Bravo, Rosa 
245 1 4 |a Las familias en Chile :  |b una perspectiva económica de género /  |c Rosa Bravo y Rosalba Todaro. 
260 |b SUR  |c 1995  |a Santiago, Chile 
300 |a pp. 131-148 
310 |a Anual. 
362 0 |a Año 1, no. 1 (nov. 2002)- . 
500 |a En: Proposiciones. no. 26, 1995. pp. 131-148. ISSN. 956208051X. 
520 |a En este artículo se quieren destacar aspectos de la realidad de "la familia", que comúnmente quedan invisibles ante la fuerza que se da culturalmente a las funciones de amor, de protección de afecto. La familia cumple además funciones económicas, indispensables para la reproducción en la sociedad. Lo que hoy día suele denominar debilitamiento de la familia no parece ser más que el debilitamiento de la familia patriarcal y la constatación de la necesidad de relaciones más igualitarias entre los géneros, tanto en el ámbito privado como en el público. 
650 4 |a FAMILIA  |x ASPECTOS SOCIALES  |z CHILE 
700 1 |a Todaro, Rosalba  |d 1941 
900 |a PROPOSICIONES-26/95 
942 |c REVA  |2 ddc